01894nam a2200241 a 450000100060000000300080000600500170001400800410003103500180007203500140009004000410010404100080014508200200015310000200017324500950019326000640028830000260035249000310037850400310040950511290044065000480156965000350161719016BD-RjUL20211209000355.0140223s19701959enk b 00010 eng c a(BD-RjUL)1907 a(BD-RjUL) aRochester. Univ. Libr.bengcBD-RjUL aeng a814.5bAME 19701 aBeaver, Harold.10aAmerican critical essays, twentieth century /cSelected, with an introd. by Harold Beaver. aLondon :bOxford University Press,cc1959 [reprinting 1970] axvi, 364 p. ;c16 cm.0 aThe World's classics;v575 aBibliographical footnotes.0 aThe hall-marks of American, by H. L. Mencken.--What is literature, what is language, etc.?? by E. Pound.--Theodore Dreiser, by V. Brooks.--The sense of poetry: Shakespeare's "The phoenix and the turtle," by I. A. Richards.--The politics of Flaubert, by E. Wilson.--Poet without critics: a note on Robinson Jeffers, by H. Gregory.--Thomas Wolfe: the professional deformation, by M. Cowley.--Emily Dickinson, by A. Warren.--The man of letters in the modern world, by A. Tate.--Maule's curse or Hawthorne and the problem of allegory, by Y. Winters.--Willa Cather: the tone of time, by M. D. Zabel.--Tradition and the individual talent, by F. O. Matthiessen.--An adjunct to the muses' diadem: a note on E. P., by R. P. Blackmur.--William Faulkner, by R. P. Warren.--Huckleberry Finn, by L. Trilling.--What does poetry communicate? by C. Brooks.--Henry James: The American scene, by W. H. Auden.--Paleface and redskin, by P. Rahy.--Observations on the style of Ernest Hemingway, by H. Levin.--The broken circuit: romance and the American novel, by R. Chase.--Ishmael and Ahab, by A. Kazin.--The book of the grotesque, by I. Howe. 0aAmerican literaturexHistory and criticism. 0aAmerican essaysy20th century.